000 01498nam a22002057a 4500
005 20250918102424.0
010 _aB-775679-692 20BACCHHN25
020 _a9789354098406
_c190.00
035 _aB-775679-692
037 _bबुकवैल पब्लिकेशन
082 _a
100 _aसहगल,ध्रुव
_985118
245 _aत्रिपुरा की लोककथाएँ /
_cध्रुव सहगलःकांता रानी द्वारा संपादित
260 _aनई दिल्ली
_bप्रकाशन विभाग
_c2023
270 _aसूचना और प्रसार मंत्रालय, भारत सरकार, सूचना भवन, सी.जी.ओ. कॉम्पलैक्स,लोदी रोड़
_bनई दिल्ली
_e110003
300 _a56पृ.
_c24सेमी(अजिल्द)
700 _aकांता रानी
_978634
942 _2ddc
_cCH
_h
_mसहग
999 _c209222
_d209222